The Tuma underworld of love erotic and other narrative songs of the Trobriand islanders and their spirits of the dead /

Bibliographic Details
Main Author: Senft, Gunter, 1952-
Corporate Author: ProQuest (Firm)
Format: Electronic eBook
Language:English
Published: Amsterdam ; Philadelphia : John Benjamins Pub. Co., 2011.
Series:Culture and language use ; v. 5.
Subjects:
Online Access:Click to View
LEADER 01488nam a2200385Ia 4500
001 EBC786929
003 MiAaPQ
005 20200520144314.0
006 m o d |
007 cr cn|||||||||
008 110627s2011 ne sb 001 0 eng d
010 |z  2011026146 
020 |z 9789027202871 
020 |z 9789027284693 
035 |a (MiAaPQ)EBC786929 
035 |a (Au-PeEL)EBL786929 
035 |a (CaPaEBR)ebr10505821 
035 |a (CaONFJC)MIL331478 
035 |a (OCoLC)757261184 
040 |a MiAaPQ  |c MiAaPQ  |d MiAaPQ 
050 4 |a PL6252.K5  |b S48 2011 
082 0 4 |a 499/.5  |2 23 
100 1 |a Senft, Gunter,  |d 1952- 
245 1 4 |a The Tuma underworld of love  |h [electronic resource] :  |b erotic and other narrative songs of the Trobriand islanders and their spirits of the dead /  |c Gunter Senft. 
260 |a Amsterdam ;  |a Philadelphia :  |b John Benjamins Pub. Co.,  |c 2011. 
300 |a xvii, 138 p. 
490 1 |a Culture and language use ;  |v v. 5 
504 |a Includes bibliographical references and index. 
533 |a Electronic reproduction. Ann Arbor, MI : ProQuest, 2015. Available via World Wide Web. Access may be limited to ProQuest affiliated libraries. 
650 0 |a Kiriwinian language. 
651 0 |a Trobriand Islands (Papua New Guinea)  |x Languages. 
655 4 |a Electronic books. 
710 2 |a ProQuest (Firm) 
830 0 |a Culture and language use ;  |v v. 5. 
856 4 0 |u https://ebookcentral.proquest.com/lib/matrademy/detail.action?docID=786929  |z Click to View